A first course in abstract algebra /
Guardado en:
| Autor Principal: | |
|---|---|
| Otros Autores: | |
| Formato: | Libro |
| Idioma: | English |
| Publicado: |
New York :
Holt, Rinehart and Winston,
c1966.
|
| Materias: | |
| Etiquetas: |
Agregar Etiqueta
Sin Etiquetas, Sea el primero en etiquetar este registro!
|
| LEADER | 01015cam a22002295a 4500 | ||
|---|---|---|---|
| 001 | MAT.inmabb004483 | ||
| 008 | 721113s19661963nyua#####b####001#0#eng## | ||
| 005 | 20180502182320.0 | ||
| 245 | 1 | 2 | |a A first course in abstract algebra / |c Hiram Paley and Paul M. Weichsel. |
| 260 | |a New York : |b Holt, Rinehart and Winston, |c c1966. | ||
| 300 | |a xiii, 334 p. : |b il. ; |c 24 cm. | ||
| 500 | |a "Preliminary edition ... [first published in] 1963 ... under title: A first course in modern algebra." | ||
| 504 | |a Bibliografía: p. [317]-319. | ||
| 505 | 0 | |a 1. Set theory -- 2. Number theory -- 3. Composition of functions and permutations -- 4. The theory of groups -- 5. The theory of rings -- 6. Topics in the theory of groups -- 7. Topics in the theory of rings. | |
| 510 | 4 | |a MR, |c 34 #4077 | |
| 100 | 1 | |a Paley, Hiram. | |
| 700 | 1 | |a Weichsel, Paul M. | |
| 650 | 0 | |a Algebra, Abstract. | |
| 084 | |a 00A05 |2 msc2000 | ||
| 010 | |a 66013298 | ||
| 040 | |a DLC |c ODaWU |d OCoLC |d MnU |d Uk |d DLC | ||
| 859 | |h 00A05A |i P158 |p A-2697 |b BIB. MATEMATICA | ||
